| 000 | 00529nam a2200181Ia 4500 | ||
|---|---|---|---|
| 008 | 100921s9999 xx 000 0 und d | ||
| 082 |
_b12150 _a823 0 |
||
| 100 | _aGalsworthy John. | ||
| 245 | _aThe Man Of Property. | ||
| 260 |
_b--- _c0 |
||
| 300 |
_a91 _b--- |
||
| 365 | _b0 | ||
| 520 | _aललित इंग्र्रजी कादंबरी. | ||
| 630 | _aThe Man Of Property. | ||
| 650 | _aललित इंग्र्रजी कादंबरी. | ||
| 730 | _aThe Man Of Property. | ||
| 942 | _cBOOK | ||
| 999 |
_c761263 _d761260 |
||